Catálogo público

El exorcista / (Record no. 218619)

MARC details
000 -CABECERA
campo de control de longitud fija 01841nam a2200373 a 4500
003 - IDENTIFICADOR DEL NÚMERO DE CONTROL
campo de control CHAP
005 - FECHA Y HORA DE LA ÚLTIMA TRANSACCIÓN
campo de control 20230424180823.0
007 - CAMPO FIJO DE DESCRIPCIÓN FÍSICA--INFORMACIÓN GENERAL
campo de control de longitud fija ta
008 - DATOS DE LONGITUD FIJA--INFORMACIÓN GENERAL
campo de control de longitud fija 230424s2019 mx |||gr|||| 001 f spa d
020 ## - NÚMERO INTERNACIONAL ESTÁNDAR DEL LIBRO
Número Internacional Estándar del Libro 978-607-317-822-8
040 ## - FUENTE DE LA CATALOGACIÓN
Centro catalogador/agencia de origen mxchpua
Centro/agencia transcriptor CHAP
Normas de descripción rda
050 10 - SIGNATURA TOPOGRÁFICA DE LA BIBLIOTECA DEL CONGRESO
Número de clasificación PS3552.L392
Número de documento/Ítem .B53 E96 2019
082 00 - NÚMERO DE LA CLASIFICACIÓN DECIMAL DEWEY
Número de clasificación 808.8308738
Número de documento/Ítem B53 E96 2019
Número de edición 20
100 1# - ENTRADA PRINCIPAL--NOMBRE DE PERSONA
9 (RLIN) 186769
Nombre de persona Blatty, William Peter
240 14 - TÍTULO UNIFORME
Título uniforme The exorcist.
Lenguaje de la obra Español
245 13 - MENCIÓN DE TÍTULO
Título El exorcista /
Mención de responsabilidad, etc. William Peter Blatty ; traductora Raquel Albornoz
250 ## - MENCIÓN DE EDICIÓN
Mención de edición 1a edición
264 ## - PRODUCCIÓN, PUBLICACIÓN, DISTRIBUCIÓN, FABRICACIÓN Y COPYRIGHT
Producción, publicación, distribución, fabricación y copyright México :
Nombre del de productor, editor, distribuidor, fabricante Penguin Random House Grupo Editorial,
Fecha de producción, publicación, distribución, fabricación o copyright 2019
300 ## - DESCRIPCIÓN FÍSICA
Extensión 405 páginas
336 ## - TIPO DE CONTENIDO
Fuente rdacontent
Término de tipo de contenido texto
Código de tipo de contenido txt
337 ## - TIPO DE MEDIO
Fuente rdamedia
Nombre/término del tipo de medio sin medio
Código del tipo de medio n
338 ## - TIPO DE SOPORTE
Fuente rdacarrier
Nombre/término del tipo de soporte volumen
Código del tipo de soporte nc
520 2# - SUMARIO, ETC.
Sumario, etc. Una de las novelas más sobrecogedoras y terroríficas jamás escritas. El libro que inspiró la película homónima de culto.Basada en un hecho real, ocurrido en la década de los cuarenta del siglo pasado, la protagonista es una niña de apenas once años que sufre terribles transformaciones, sobre todo en su comportamiento. Ni médicos ni científicos ni psicólogos son capaces de hallar la causa de tal estado, y paulatinamente todo se va decantando hacia la hipótesis de que la niña está poseída por fuerzas demoniacas. Ha llegado el momento para el implacable rito que enfrenta a exorcista y demonio en un duelo mortal.
650 10 - PUNTO DE ACCESO ADICIONAL DE MATERIA--TÉRMINO DE MATERIA
9 (RLIN) 153261
Término de materia o nombre geográfico como elemento de entrada Literatura americana
Subdivisión cronológica Siglo XX
650 17 - PUNTO DE ACCESO ADICIONAL DE MATERIA--TÉRMINO DE MATERIA
9 (RLIN) 82011
Término de materia o nombre geográfico como elemento de entrada Novela
Subdivisión general Ficción
650 10 - PUNTO DE ACCESO ADICIONAL DE MATERIA--TÉRMINO DE MATERIA
9 (RLIN) 160744
Término de materia o nombre geográfico como elemento de entrada Terror
650 10 - PUNTO DE ACCESO ADICIONAL DE MATERIA--TÉRMINO DE MATERIA
9 (RLIN) 186777
Término de materia o nombre geográfico como elemento de entrada Posesión demoníaca
650 10 - PUNTO DE ACCESO ADICIONAL DE MATERIA--TÉRMINO DE MATERIA
9 (RLIN) 153260
Término de materia o nombre geográfico como elemento de entrada American literature
Subdivisión cronológica 20th century
650 10 - PUNTO DE ACCESO ADICIONAL DE MATERIA--TÉRMINO DE MATERIA
9 (RLIN) 161790
Término de materia o nombre geográfico como elemento de entrada Novel
Subdivisión general Fiction
650 10 - PUNTO DE ACCESO ADICIONAL DE MATERIA--TÉRMINO DE MATERIA
9 (RLIN) 186776
Término de materia o nombre geográfico como elemento de entrada Horror fiction
650 10 - PUNTO DE ACCESO ADICIONAL DE MATERIA--TÉRMINO DE MATERIA
9 (RLIN) 186778
Término de materia o nombre geográfico como elemento de entrada Spirit possession
700 1# - PUNTO DE ACCESO ADICIONAL--NOMBRE DE PERSONA
9 (RLIN) 186779
Nombre de persona Albornoz, Raquel
Término indicativo de función/relación traductora
942 ## - ELEMENTOS DE PUNTO DE ACCESO ADICIONAL (KOHA)
Fuente del sistema de clasificación o colocación Dewey Decimal Classification
Tipo de ítem Koha
Holdings
Estado de retiro Estado de pérdida Fuente del sistema de clasificación o colocación Estado dañado Restricciones de uso No para préstamo Código de colección Localización permanente Ubicación/localización actual Fecha de adquisición Fuente de adquisición Número de inventario Total de préstamos Signatura topográfica completa Código de barras Fecha visto por última vez Número de copia Precio válido a partir de Tipo de ítem Koha
    Dewey Decimal Classification   Préstamo 15 días   Literatura Ingenieria Agroindustrial Ingenieria Agroindustrial 09/12/2021 Compra Librería UACh F 39630 Consumo   808.8308738 B53 E96 2019 1108014670 24/04/2023 Ej. 1 24/04/2023 Libro